000
00298nam a2200121Ia 4500
008
241002s9999 xx 000 0 und d
082
_a
297.65 NUM
100
_a
Numani, Shibli
245
0
_a
Omar the Great The Second Cliph of Islami
260
_a
Lahore:
_c
1961
600
_a
Religion
942
_c
UC
999
_c
18366
_d
18366